000 00561nam a2200205Ia 4500
999 _c42050
_d42050
001 8740
003 GE_BSU
005 20240603150906.0
008 181216s1982||||ge |||||||||||||| ||geo||
040 _cGE_BSU
041 _ageo
080 _a821.111-31 W-68
100 _aWilde, Oscar
_922290
245 4 _aThe Picture of Dorian Grau /
_cOscar Wilde ; Edited and with an intoduction by Richard Ellmann.
264 _a1982 :
_b New York :
_c1982.
300 _a210 p. ;
_c21 sm.
541 _h4 Gel.
653 _aThe Picture of Dorian Grau
942 _cBK
_2udc